Online Catalogue and eLibrary

Feminism and law : (Record no. 2811)

MARC details
000 -LEADER
fixed length control field 00484nam a2200181Ia 4500
005 - DATE AND TIME OF LATEST TRANSACTION
control field 20240529061856.0
008 - FIXED-LENGTH DATA ELEMENTS--GENERAL INFORMATION
fixed length control field 240331s9999 xx 000 0 und d
020 ## - INTERNATIONAL STANDARD BOOK NUMBER
ISBN 8185397007
082 ## - DDC Classification
Item Number - Author Mark FEM
Class No. 346.0134
100 ## - MAIN ENTRY--PERSONAL NAME
Personal name
245 #0 - TITLE STATEMENT
Title Feminism and law :
Remainder of title national law school journal
260 ## - PUBLICATION, DISTRIBUTION, ETC.
Place of publication, distribution, etc. India
Name of publisher, distributor, etc. National Law school of India university
Date of publication, distribution, etc. 1993
300 ## - PHYSICAL DESCRIPTION
Extent (e.g. Volumes, Pages etc.) xiii, 214 p .,
650 ## - SUBJECT ADDED ENTRY--TOPICAL TERM
Topical term or geographic name entry element Women
650 ## - SUBJECT ADDED ENTRY--TOPICAL TERM
Topical term or geographic name entry element Human Rights
700 ## - ADDED ENTRY--PERSONAL NAME
Personal name Menon, Madhava R.N.
Relator term (Role) Editor
942 ## - Koha item type (Biblio)
Koha item type Books in Stacks (Lending)
Holdings
Lost status Damaged status Collection code Home library Current library Shelving location Date acquired Full call number Accession Number Item type
    Lending WERC Library WERC Library Social Science Cupboard 03/31/2024 346.0134 FEM 3013 Books in Stacks (Lending)

© WERC Library